It looks like you're offline.
Open Library logo
additional options menu

MARC record from Internet Archive

LEADER: 04513cam 22008171 4500
001 ocm01027066
003 OCoLC
005 20100830125914.0
008 740801s1966 dcuab bc 000 0 eng
010 $a 66061710
040 $aDLC$cDLC$dOCL$dNLGGC$dBRZ$dSTF$dWPG
035 $a(OCoLC)1027066
043 $aa-tu---
050 0 $aN7161$b.S6
082 04 $a709.561$bS664a
084 $a20.70$2bcl
110 2 $aSmithsonian Institution.
245 10 $aArt treasures of Turkey.$cCirculated by the Smithsonian Institution, 1966-1968.
260 $aWashington,$c1966.
300 $a120 p.$billus. (part col.) map (on lining papers)$c25 cm.
490 0 $aSmithsonian publication 4663
504 $aIncludes bibliographies.
505 0 $aThe art of Anatolia until ca. 1200 B.C., by Machteld Mellink, p.3-20.--Early Iron Age, Classical and Roman Empire, by Rodney S. Young, p.21-37.--The Byzantine Period, by Paul Underwood, p.38-46.--The Islamic Period, by Richard Ettinghausen, p.47-66.
650 0 $aArt$zTurkey$vCatalogs.
650 17 $aBeeldende kunsten.$2gtt
776 08 $iOnline version:$aSmithsonian Institution.$tArt treasures of Turkey.$dWashington, 1966$w(OCoLC)563606000
952 $a1027066$zDLC$bLIBRARY OF CONGRESS$hFull; not ex.$iLCC$kDDC$tContents$u20100321
952 $a124452592$zVXJ$bJEWISH THEOL SEMINARY OF AM$hFull; not ex.$iLCC$u20100711
952 $a124700452$zAS0$bAMON CARTER MUS LIBR$hFull$iLCC$u20100724
952 $a124778059$zMFA$bSCHOOL OF THE MUS OF FINE ARTS, BOSTON$hFull$iLCC$u20100718
952 $a125134672$zBMF$bMUSEUM OF FINE ARTS, BOSTON$hFull$iLCC$u20100628
952 $a125168733$zFNE$bMUSEUM OF FINE ARTS, HOUSTON HIRSCH LIBR$hFull; not ex.$iLCC$u20100727
952 $a131076459$zYUS$bYALE UNIV LIBR$hFull; not ex.$iLCC$u20100727
952 $a132554003$zJTC$bSHASTA PUB LIBR$hFull$iLCC$u20100728
952 $a133349347$zNLF$bNELSON-ATKINS MUS OF ART$hFull; not ex.$iLCC$u20100727
952 $a133350994$zBRZ$bBROOKLYN MUS$hFull$iLCC$tContents$u20100711
952 $a134630872$zRBN$bBROWN UNIV$hFull; not ex.$iLCC$u20100709
952 $a137439543$zMSR$bSAINT LOUIS ART MUS$hFull$iLCC$u20100728
952 $a162177193$zTXKAM$bKIMBELL ART MUS$hFull; not ex.$iLCC$u20100728
952 $a171063948$zNGA$bNATIONAL GALLERY OF ART$hFull; not ex.$iLCC$u20100726
952 $a173123278$zHUC$bHEBREW UNION COL$hFull; not ex.$iLCC$u20100709
952 $a176520701$zPUL$bPRINCETON UNIV$hFull; not ex.$iLCC$u20100723
952 $a182676262$zSMI$bSMITHSONIAN INSTITUTION$hFull$iLCC$u20100713
952 $a188325974$zPAU$bUNIV OF PENNSYLVANIA$hFull$iLCC$u20100719
952 $a190813271$zN15$bNEW YORK UNIV, GROUP BATCHLOAD$hFull$iLCC$tContents$u20100719
952 $a190813274$zN15$bNEW YORK UNIV, GROUP BATCHLOAD$hFull$iLCC$tContents$u20100723
952 $a214060284$zCUY$bUNIV OF CALIFORNIA, BERKELEY$hFull; not ex.$iLCC$u20100712
952 $a218407568$zPMN$bPHILADELPHIA MUS OF ART$hOther$iLCC$u20100723
952 $a222689496$zCLART$bCLARK ART INST$hFull$iLCC$u20100715
952 $a230608178$zHFL$bHARVARD UNIV, FINE ARTS LIBR$hFull batch$iLCC$u20100727
952 $a232246223$zCNNGC$bNATIONAL GALLERY OF CANADA LIBR$hFull$u20100626
952 $a266225976$zCUD$bCAMBRIDGE UNIV$hFull$u20100723
952 $a270226225$zAN#$bMORGAN LIBR & MUSEUM THE$hFull$iLCC$u20100718
952 $a272703171$zSTF$bSTANFORD UNIV LIBR$hFull; not ex.$iLCC$u20100716
952 $a339454103$zUBY$bBRIGHAM YOUNG UNIV LIBR$hFull$iLCC$u20100804
952 $a467672823$zDDO$bDUMBARTON OAKS RES LIBR$hFull batch$iLCC$u20100725
952 $a471996858$zTEU$bTEMPLE UNIV$hFull$u20100802
952 $a488032808$zN15$bNEW YORK UNIV, GROUP BATCHLOAD$hFull$iLCC$tContents$u20100720
952 $a488032822$zN15$bNEW YORK UNIV, GROUP BATCHLOAD$hFull$iLCC$tContents$u20100705
952 $a488032831$zN15$bNEW YORK UNIV, GROUP BATCHLOAD$hFull$iLCC$tContents$u20100709
952 $a488032844$zN15$bNEW YORK UNIV, GROUP BATCHLOAD$hFull$iLCC$tContents$u20100725
952 $a630000620$zHFL$bHARVARD UNIV, FINE ARTS LIBR$hLess-than-full batch$iLCC$u20100725
952 $a630117000$zDDO$bDUMBARTON OAKS RES LIBR$hLess-than-full batch$iLCC$u20100727
029 1 $aNLGGC$b783489838
029 1 $aNZ1$b7310263
029 1 $aAU@$b000000661579
029 1 $aAU@$b000021950712
029 1 $aAU@$b000023888433
029 1 $aZWZ$b016105788
994 $aZ0$bPMR
948 $hNO HOLDINGS IN PMR - 535 OTHER HOLDINGS